El proceso de convertirse en persona: mi técnica terapéutica
Tallennettuna:
| Päätekijä: | |
|---|---|
| Aineistotyyppi: | Kirja |
| Kieli: | espanja |
| Julkaistu: |
Barcelona
Paidós
2011
|
| Painos: | 1a. ed |
| Sarja: | Paidós Contextos
|
| Aiheet: | |
| Tagit: |
Lisää tagi
Ei tageja, Lisää ensimmäinen tagi!
|
MARC
| LEADER | 00000cam a2200000 a 4500 | ||
|---|---|---|---|
| 001 | UCD2568 | ||
| 003 | CL-VaPUC | ||
| 008 | 160428e20111100sp |||||||||||||||||spa|d | ||
| 020 | |a 9788449326318 | ||
| 082 | 0 | 4 | |a 616.8914 |b ROG |2 21 |
| 100 | 0 | |a Rogers, Carl R |e author |9 585928 | |
| 245 | 1 | 3 | |a El proceso de convertirse en persona: mi técnica terapéutica |
| 250 | |a 1a. ed | ||
| 300 | |a 398 p | ||
| 942 | |c BK | ||
| 945 | |d 20160428 21:50:00 |a arojas | ||
| 260 | |a Barcelona |b Paidós |c 2011 | ||
| 650 | 7 | |a PSICOLOGIA GESTALTICA |2 CL-VaPUC |9 306251 | |
| 650 | 7 | |a PSICOTERAPIA |2 CL-VaPUC |9 585929 | |
| 583 | |a last modification |c 20160428 21:50:00 |k Rodrigo Vera | ||
| 490 | 0 | |a Paidós Contextos | |
| 999 | |c 363722 |d 363720 | ||
| 952 | |0 0 |1 0 |3 erb |4 0 |6 616_891400000000000_ROG_2011 |7 0 |8 R |9 476380 |a BIBGIM |b BIBGIM |i 5284554 |o 616.8914 ROG 2011 |p 5284554 |r 2025-01-15 |w 2019-11-24 |y BK_R |z Catalogado en:20160428 |k SSL | ||
| 952 | |0 0 |1 0 |3 erb |4 0 |6 616_891400000000000_ROG_2011 |7 0 |8 R |9 476381 |a BIBGIM |b BIBGIM |i 5284562 |o 616.8914 ROG 2011 |p 5284562 |r 2025-01-15 |w 2019-11-24 |y BK_R |z Catalogado en:20160428 |k SSL | ||
| 952 | |0 0 |1 0 |3 erb |4 0 |6 616_891400000000000_ROG_2011 |7 0 |8 R |9 476382 |a BIBGIM |b BIBGIM |i 5284570 |o 616.8914 ROG 2011 |p 5284570 |r 2025-01-15 |w 2019-11-24 |y BK_R |z Catalogado en:20160428 |k SSL | ||